[Event "World Chess Olympiad 2018"]
[Site "Batumi"]
[Date "2018.10.02"]
[Round "8"]
[Board "1"]
[WhiteFideId "14109603"]
[White "Karjakin Sergey"]
[BlackFideId "13504398"]
[Black "Kovalev Vladislav"]
[Result "1/2-1/2"]
[LiveChessVersion "1.4.8"]
[BlackElo "2664"]
[WhiteElo "2760"]

1. e4 {[%clk 1:30:58]} e5 {[%clk 1:30:44]} 2. Nf3 {[%clk 1:31:23]} Nc6
{[%clk 1:31:11]} 3. Bb5 a6 {[%clk 1:31:15]} 4. Ba4 {[%clk 1:32:11]} Nf6
{[%clk 1:31:42]} 5. O-O {[%clk 1:32:35]} Be7 {[%clk 1:32:10]} 6. Re1
{[%clk 1:32:58]} b5 {[%clk 1:32:37]} 7. Bb3 {[%clk 1:33:23]} d6 {[%clk 1:33:04]}
8. c3 {[%clk 1:33:48]} O-O {[%clk 1:33:31]} 9. h3 {[%clk 1:34:13]} Nb8
{[%clk 1:33:56]} 10. d4 {[%clk 1:34:29]} Nbd7 {[%clk 1:34:21]} 11. Nbd2
{[%clk 1:34:37]} c5 {[%clk 1:34:42]} 12. Nf1 {[%clk 1:29:50]} Re8
{[%clk 1:34:40]} 13. Ng3 {[%clk 1:26:32]} Bf8 {[%clk 1:33:47]} 14. Bc2
{[%clk 1:07:05]} cxd4 {[%clk 1:34:05]} 15. cxd4 {[%clk 1:07:31]} exd4
{[%clk 1:34:28]} 16. Bf4 {[%clk 1:05:37]} Bb7 {[%clk 1:15:21]} 17. Nxd4
{[%clk 1:00:18]} g6 {[%clk 1:14:59]} 18. Qd2 {[%clk 0:55:23]} Nc5
{[%clk 0:53:58]} 19. Bg5 {[%clk 0:43:53]} Bg7 {[%clk 0:49:51]} 20. Qf4
{[%clk 0:32:36]} Qe7 {[%clk 0:34:28]} 21. Rad1 {[%clk 0:32:25]} Ncd7
{[%clk 0:18:40]} 22. a4 {[%clk 0:21:12]} Rec8 {[%clk 0:13:41]} 23. axb5
{[%clk 0:18:30]} axb5 {[%clk 0:14:07]} 24. Bb3 {[%clk 0:11:15]} Rc5
{[%clk 0:14:15]} 25. Bh6 {[%clk 0:06:21]} Nh5 {[%clk 0:06:22]} 26. Nxh5
{[%clk 0:06:02]} Bxh6 {[%clk 0:06:15]} 27. Qxh6 {[%clk 0:06:31]} Rxh5
{[%clk 0:06:41]} 28. Qf4 {[%clk 0:06:24]} Re8 {[%clk 0:05:28]} 29. Re3
{[%clk 0:05:41]} Qf6 {[%clk 0:03:52]} 30. Qxf6 {[%clk 0:05:34]} Nxf6
{[%clk 0:04:15]} 31. f3 {[%clk 0:06:01]} Re7 {[%clk 0:03:37]} 32. Kf2
{[%clk 0:04:27]} d5 {[%clk 0:00:47]} 33. e5 {[%clk 0:02:36]} Rhxe5
{[%clk 0:01:13]} 34. Rxe5 {[%clk 0:03:03]} Rxe5 {[%clk 0:01:41]} 35. Nxb5
{[%clk 0:03:28]} Re6 {[%clk 0:01:40]} 36. Rc1 {[%clk 0:01:25]} Rb6
{[%clk 0:02:05]} 37. Nd4 {[%clk 0:01:51]} Ne8 {[%clk 0:01:30]} 1/2-1/2

[Event "World Chess Olympiad 2018"]
[Site "Batumi"]
[Date "2018.10.02"]
[Round "8"]
[Board "2"]
[WhiteFideId "13502956"]
[White "Zhigalko Sergei"]
[BlackFideId "4168119"]
[Black "Nepomniachtchi Ian"]
[Result "0-1"]
[LiveChessVersion "1.4.8"]
[BlackElo "2768"]
[WhiteElo "2610"]

1. e4 {[%clk 1:30:57]} c5 {[%clk 1:30:53]} 2. c3 {[%clk 1:31:20]} Nf6
{[%clk 1:21:56]} 3. e5 {[%clk 1:31:43]} Nd5 {[%clk 1:22:22]} 4. Nf3
{[%clk 1:32:09]} Nc6 {[%clk 1:19:35]} 5. Bc4 {[%clk 1:32:28]} Nb6
{[%clk 1:20:00]} 6. Bb3 {[%clk 1:32:50]} d5 {[%clk 1:20:24]} 7. exd6
{[%clk 1:32:48]} Qxd6 {[%clk 1:20:49]} 8. O-O {[%clk 1:27:41]} Be6
{[%clk 1:21:06]} 9. Bxe6 {[%clk 1:26:31]} Qxe6 {[%clk 1:21:26]} 10. a4
{[%clk 1:26:51]} Nd5 {[%clk 1:12:50]} 11. d4 {[%clk 1:17:41]} cxd4
{[%clk 1:10:06]} 12. Nxd4 {[%clk 1:18:04]} Qd7 {[%clk 1:10:31]} 13. Na3
{[%clk 0:38:26]} e6 {[%clk 1:08:04]} 14. Nc4 {[%clk 0:37:55]} Be7
{[%clk 1:05:04]} 15. Nxc6 {[%clk 0:26:51]} Qxc6 {[%clk 1:03:37]} 16. Ne5
{[%clk 0:26:58]} Qc7 {[%clk 1:03:08]} 17. Qe2 {[%clk 0:27:06]} Bd6
{[%clk 1:02:27]} 18. Nf3 {[%clk 0:23:19]} O-O {[%clk 0:56:43]} 19. Be3
{[%clk 0:23:18]} Rfe8 {[%clk 0:53:20]} 20. Rfd1 {[%clk 0:23:21]} a6
{[%clk 0:50:38]} 21. g3 {[%clk 0:21:34]} Rad8 {[%clk 0:46:45]} 22. Rd2
{[%clk 0:19:58]} h6 {[%clk 0:40:12]} 23. Rad1 {[%clk 0:13:30]} Rc8
{[%clk 0:37:09]} 24. Bd4 {[%clk 0:13:44]} Qc6 {[%clk 0:35:44]} 25. Ra1
{[%clk 0:10:58]} e5 {[%clk 0:31:39]} 26. Be3 {[%clk 0:05:17]} Bc7
{[%clk 0:28:13]} 27. Nh4 {[%clk 0:05:13]} Nxe3 {[%clk 0:16:17]} 28. Qxe3
{[%clk 0:05:41]} Bd8 {[%clk 0:16:00]} 29. Nf3 {[%clk 0:05:06]} e4
{[%clk 0:16:11]} 30. Nd4 {[%clk 0:05:29]} Qg6 {[%clk 0:16:29]} 31. Re2
{[%clk 0:04:07]} Bg5 {[%clk 0:13:23]} 32. f4 {[%clk 0:04:35]} exf3
{[%clk 0:13:34]} 33. Qxf3 {[%clk 0:03:57]} Rxe2 {[%clk 0:13:21]} 34. Qxe2
{[%clk 0:04:11]} Qb6 {[%clk 0:13:16]} 35. Kg2 {[%clk 0:03:48]} Bf6
{[%clk 0:13:27]} 36. Nf3 {[%clk 0:04:07]} Qc6 {[%clk 0:13:27]} 37. Qc2
{[%clk 0:01:38]} Re8 {[%clk 0:12:26]} 38. Rf1 {[%clk 0:01:14]} g5
{[%clk 0:10:09]} 39. h3 {[%clk 0:01:32]} h5 {[%clk 0:10:21]} 40. Kh2
{[%clk 0:30:35]} g4 {[%clk 0:37:34]} 41. Ne1 {[%clk 0:08:13]} h4 {[%clk 0:37:01]}
42. Qf5 {[%clk 0:02:43]} hxg3+ {[%clk 0:34:13]} 43. Kxg3 {[%clk 0:03:10]} Re6
{[%clk 0:26:28]} 44. Qxg4+ {[%clk 0:02:40]} Bg7 {[%clk 0:26:42]} 45. Qf3
{[%clk 0:02:24]} Qd6+ {[%clk 0:25:31]} 46. Kg2 {[%clk 0:02:33]} Qd2+
{[%clk 0:25:26]} 47. Kh1 {[%clk 0:01:44]} Rf6 {[%clk 0:22:48]} 48. Qg2
{[%clk 0:01:38]} Rxf1+ {[%clk 0:23:14]} 49. Qxf1 {[%clk 0:02:06]} Qxb2
{[%clk 0:23:40]} 50. Qf5 {[%clk 0:01:36]} Qc1 {[%clk 0:22:38]} 51. Qc8+
{[%clk 0:01:25]} Kh7 {[%clk 0:23:02]} 52. Qe8 {[%clk 0:01:45]} Qf4
{[%clk 0:20:12]} 53. Kg2 {[%clk 0:00:47]} Qg5+ {[%clk 0:16:09]} 54. Kf1
{[%clk 0:01:06]} Qf5+ {[%clk 0:16:29]} 55. Kg2 {[%clk 0:01:15]} Bxc3
{[%clk 0:16:40]} 56. Nf3 {[%clk 0:01:42]} b5 {[%clk 0:16:52]} 57. axb5
{[%clk 0:02:06]} axb5 {[%clk 0:17:18]} 58. Qe3 {[%clk 0:00:34]} b4
{[%clk 0:17:20]} 59. Ng5+ {[%clk 0:01:03]} Kg7 {[%clk 0:17:42]} 60. Ne4
{[%clk 0:01:29]} Be5 {[%clk 0:17:07]} 61. Nc5 {[%clk 0:01:31]} Qc2+
{[%clk 0:15:52]} 62. Kf3 {[%clk 0:01:51]} Qf5+ {[%clk 0:15:53]} 63. Ke2
{[%clk 0:02:09]} Qc2+ {[%clk 0:14:33]} 64. Kf3 {[%clk 0:02:34]} f6
{[%clk 0:14:52]} 65. Nd3 {[%clk 0:01:39]} Qc6+ {[%clk 0:13:15]} 66. Ke2
{[%clk 0:01:35]} Qg2+ {[%clk 0:11:48]} 67. Kd1 {[%clk 0:01:39]} Qd5
{[%clk 0:10:32]} 68. Qa7+ {[%clk 0:01:11]} Kg6 {[%clk 0:10:44]} 69. Qg1+
{[%clk 0:01:31]} Kf7 {[%clk 0:10:56]} 70. Qa7+ {[%clk 0:01:53]} Ke8
{[%clk 0:11:07]} 71. Qa4+ {[%clk 0:00:46]} Kd8 {[%clk 0:11:30]} 72. Kc2
{[%clk 0:00:32]} Qc4+ {[%clk 0:10:19]} 73. Kd2 {[%clk 0:00:59]} Bc3+
{[%clk 0:10:09]} 74. Kc2 {[%clk 0:01:24]} Be1+ {[%clk 0:09:36]} 75. Kd1
{[%clk 0:01:53]} Qxd3+ {[%clk 0:09:52]} 76. Kxe1 {[%clk 0:02:21]} b3
{[%clk 0:09:18]} 77. Qb4 {[%clk 0:00:34]} Ke8 {[%clk 0:07:12]} 78. h4
{[%clk 0:00:54]} Qb1+ {[%clk 0:07:28]} 79. Kf2 {[%clk 0:00:44]} Qc2+
{[%clk 0:07:56]} 80. Ke3 {[%clk 0:00:42]} b2 {[%clk 0:08:14]} 81. Qb5+
{[%clk 0:00:34]} Kf8 {[%clk 0:08:26]} 82. Qb4+ {[%clk 0:00:31]} Kf7
{[%clk 0:08:49]} 83. Qb7+ {[%clk 0:00:38]} Kg6 {[%clk 0:09:06]} 84. h5+
{[%clk 0:00:32]} Kh6 {[%clk 0:09:14]} 85. Qb6 {[%clk 0:00:32]} Qc1+
{[%clk 0:08:30]} 86. Ke2 {[%clk 0:00:40]} Qc2+ {[%clk 0:08:15]} 87. Ke3
{[%clk 0:00:38]} b1=Q {[%clk 0:08:32]} 88. Qxf6+ {[%clk 0:00:53]} Kxh5
{[%clk 0:08:58]} 89. Qf3+ {[%clk 0:00:49]} Kh4 {[%clk 0:08:39]} 90. Qf4+
{[%clk 0:01:00]} Kh3 {[%clk 0:08:54]} 91. Qh6+ {[%clk 0:01:00]} Kg2
{[%clk 0:09:19]} 92. Qg5+ {[%clk 0:00:51]} Kh1 {[%clk 0:09:42]} 93. Qd5+
{[%clk 0:00:52]} Kg1 {[%clk 0:09:48]} 94. Qg5+ {[%clk 0:00:39]} Qg2
{[%clk 0:10:11]} 0-1

[Event "World Chess Olympiad 2018"]
[Site "Batumi"]
[Date "2018.10.02"]
[Round "8"]
[Board "3"]
[WhiteFideId "4101588"]
[White "Kramnik Vladimir"]
[BlackFideId "13500139"]
[Black "Aleksandrov Aleksej"]
[Result "1-0"]
[LiveChessVersion "1.4.8"]
[BlackElo "2602"]
[WhiteElo "2779"]

1. c4 {[%clk 1:30:55]} e6 {[%clk 1:29:20]} 2. Nc3 {[%clk 1:31:18]} d5
{[%clk 1:27:14]} 3. d4 {[%clk 1:31:39]} Nf6 {[%clk 1:27:41]} 4. cxd5
{[%clk 1:31:59]} exd5 {[%clk 1:28:08]} 5. Bg5 {[%clk 1:32:20]} c6
{[%clk 1:28:16]} 6. e3 {[%clk 1:32:41]} Bf5 {[%clk 1:28:41]} 7. Qf3
{[%clk 1:32:49]} Bg6 {[%clk 1:29:07]} 8. Bxf6 {[%clk 1:33:06]} Qxf6
{[%clk 1:29:34]} 9. Qxf6 {[%clk 1:33:29]} gxf6 {[%clk 1:30:02]} 10. Nf3
{[%clk 1:33:05]} Nd7 {[%clk 1:27:47]} 11. Nh4 {[%clk 1:24:10]} Be7
{[%clk 1:28:12]} 12. Ne2 {[%clk 1:24:07]} f5 {[%clk 1:28:24]} 13. g3
{[%clk 1:24:32]} Bxh4 {[%clk 1:28:14]} 14. gxh4 {[%clk 1:24:57]} Nf6
{[%clk 1:27:09]} 15. Rg1 {[%clk 1:24:07]} Ke7 {[%clk 1:02:19]} 16. Bh3
{[%clk 1:20:10]} Rae8 {[%clk 0:47:46]} 17. Nf4 {[%clk 1:14:27]} Kd6
{[%clk 0:46:44]} 18. Kd2 {[%clk 1:05:55]} Re7 {[%clk 0:32:13]} 19. a4
{[%clk 1:04:00]} a5 {[%clk 0:28:06]} 20. Ra3 {[%clk 1:04:03]} Rhe8
{[%clk 0:20:47]} 21. Rb3 {[%clk 1:03:27]} Kc7 {[%clk 0:20:53]} 22. Rc1
{[%clk 1:01:59]} Kd6 {[%clk 0:19:19]} 23. Bg2 {[%clk 0:57:13]} Nh5
{[%clk 0:13:46]} 24. Nxd5 {[%clk 0:38:09]} cxd5 {[%clk 0:14:09]} 25. Rb6+
{[%clk 0:38:33]} Kd7 {[%clk 0:14:34]} 26. Bf1 {[%clk 0:38:43]} Kd8
{[%clk 0:07:20]} 27. Bb5 {[%clk 0:37:54]} Re4 {[%clk 0:03:25]} 28. Rxb7
{[%clk 0:37:44]} Nf6 {[%clk 0:03:50]} 29. b4 {[%clk 0:34:21]} f4 {[%clk 0:01:31]}
30. bxa5 {[%clk 0:29:40]} fxe3+ {[%clk 0:01:57]} 31. fxe3 {[%clk 0:30:07]} Rxh4
{[%clk 0:02:18]} 32. Bxe8 {[%clk 0:25:50]} Rxh2+ {[%clk 0:01:38]} 33. Kc3
{[%clk 0:26:10]} Ne4+ {[%clk 0:00:39]} 34. Kb3 {[%clk 0:26:15]} Nd2+
{[%clk 0:00:53]} 35. Kb4 {[%clk 0:26:15]} Nc4 {[%clk 0:01:02]} 36. Bb5
{[%clk 0:26:19]} Rb2+ {[%clk 0:01:22]} 37. Kc5 {[%clk 0:26:29]} Nxa5
{[%clk 0:01:37]} 38. Rd7+ {[%clk 0:26:41]} Kc8 {[%clk 0:02:03]} 39. Kxd5+
{[%clk 0:26:53]} Kb8 {[%clk 0:01:46]} 40. Rd8+ {[%clk 0:56:23]} Kb7
{[%clk 0:31:17]} 41. Kd6 {[%clk 0:51:02]} Kb6 {[%clk 0:31:17]} 42. Ra8
{[%clk 0:51:10]} 1-0

[Event "World Chess Olympiad 2018"]
[Site "Batumi"]
[Date "2018.10.02"]
[Round "8"]
[Board "4"]
[WhiteFideId "13503758"]
[White "Stupak Kirill"]
[BlackFideId "4152956"]
[Black "Vitiugov Nikita"]
[Result "1/2-1/2"]
[LiveChessVersion "1.4.8"]
[BlackElo "2726"]
[WhiteElo "2583"]

1. d4 {[%clk 1:30:58]} Nf6 {[%clk 1:30:46]} 2. c4 {[%clk 1:31:26]} e6
{[%clk 1:31:11]} 3. Nf3 {[%clk 1:31:55]} a6 {[%clk 1:31:22]} 4. Bg5
{[%clk 1:20:58]} c5 {[%clk 1:30:50]} 5. Nc3 {[%clk 1:18:46]} cxd4
{[%clk 1:28:49]} 6. Nxd4 {[%clk 1:19:08]} Nc6 {[%clk 1:21:34]} 7. e3
{[%clk 1:17:32]} h6 {[%clk 1:16:57]} 8. Bh4 {[%clk 1:13:46]} Qb6 {[%clk 1:01:48]}
9. Qd2 {[%clk 1:02:40]} Be7 {[%clk 0:58:05]} 10. Be2 {[%clk 1:01:33]} O-O
{[%clk 0:58:05]} 11. O-O {[%clk 0:56:21]} Rd8 {[%clk 0:58:05]} 12. Rfd1
{[%clk 0:46:22]} d6 {[%clk 0:57:12]} 13. Nb3 {[%clk 0:42:25]} a5 {[%clk 0:41:52]}
14. Rac1 {[%clk 0:27:12]} a4 {[%clk 0:40:01]} 15. Nd4 {[%clk 0:26:58]} Nxd4
{[%clk 0:36:33]} 16. exd4 {[%clk 0:14:23]} Ne4 {[%clk 0:33:49]} 17. Nxe4
{[%clk 0:14:52]} Bxh4 {[%clk 0:34:11]} 18. Qc3 {[%clk 0:13:34]} Bd7
{[%clk 0:29:30]} 19. c5 {[%clk 0:09:45]} dxc5 {[%clk 0:29:24]} 20. dxc5
{[%clk 0:09:27]} Qc7 {[%clk 0:29:07]} 21. Nd6 {[%clk 0:07:33]} Bc6
{[%clk 0:26:06]} 22. Qb4 {[%clk 0:06:49]} Bg5 {[%clk 0:24:18]} 23. Rc3
{[%clk 0:06:17]} Bf6 {[%clk 0:22:22]} 24. Rcd3 {[%clk 0:06:09]} Rab8
{[%clk 0:17:35]} 25. Bf3 {[%clk 0:00:35]} b6 {[%clk 0:10:21]} 26. cxb6
{[%clk 0:01:04]} Qxb6 {[%clk 0:07:37]} 27. Qxb6 {[%clk 0:01:25]} Rxb6
{[%clk 0:08:06]} 28. Nc4 {[%clk 0:00:35]} Rxd3 {[%clk 0:08:24]} 29. Rxd3
{[%clk 0:01:00]} Rb4 {[%clk 0:08:27]} 30. b3 {[%clk 0:01:01]} Bb5
{[%clk 0:08:23]} 31. g3 {[%clk 0:00:36]} Bxc4 {[%clk 0:07:39]} 32. bxc4
{[%clk 0:01:04]} Rxc4 {[%clk 0:07:18]} 33. Bd1 {[%clk 0:01:24]} Be7
{[%clk 0:05:29]} 34. a3 {[%clk 0:01:34]} g6 {[%clk 0:03:52]} 35. h4
{[%clk 0:01:49]} h5 {[%clk 0:03:07]} 36. Kg2 {[%clk 0:02:15]} Kg7
{[%clk 0:03:19]} 37. Rd7 {[%clk 0:00:37]} Bxa3 {[%clk 0:03:08]} 38. Ra7
{[%clk 0:01:06]} Bc5 {[%clk 0:02:52]} 39. Rxa4 {[%clk 0:01:35]} Rc1
{[%clk 0:03:09]} 40. Be2 {[%clk 0:31:40]} Rb1 {[%clk 0:33:05]} 41. Rc4
{[%clk 0:30:49]} Bb6 {[%clk 0:31:58]} 42. Rc2 {[%clk 0:30:27]} Kf6
{[%clk 0:31:35]} 43. Bf3 {[%clk 0:30:29]} Ke7 {[%clk 0:31:04]} 44. Rd2
{[%clk 0:30:07]} Rb4 {[%clk 0:31:26]} 45. Bc6 {[%clk 0:30:19]} Bd4
{[%clk 0:31:35]} 46. Ra2 {[%clk 0:30:42]} Rb6 {[%clk 0:29:49]} 47. Be4
{[%clk 0:26:43]} Kd6 {[%clk 0:28:53]} 48. Bd3 {[%clk 0:26:07]} Rb3
{[%clk 0:28:44]} 49. Be2 {[%clk 0:25:54]} Rb4 {[%clk 0:28:34]} 50. Rc2
{[%clk 0:25:56]} Bb6 {[%clk 0:27:29]} 51. Bf3 {[%clk 0:26:11]} Ke5
{[%clk 0:27:33]} 52. Re2+ {[%clk 0:25:31]} Kf6 {[%clk 0:27:50]} 53. Bc6
{[%clk 0:25:32]} Rc4 {[%clk 0:27:19]} 54. Bb5 {[%clk 0:25:41]} Rc5
{[%clk 0:26:09]} 55. Rb2 {[%clk 0:25:47]} Rc7 {[%clk 0:26:00]} 56. Be2
{[%clk 0:25:48]} Bd4 {[%clk 0:25:47]} 57. Ra2 {[%clk 0:25:58]} Kg7
{[%clk 0:25:20]} 58. Bf3 {[%clk 0:26:13]} Kh6 {[%clk 0:24:02]} 59. Rd2
{[%clk 0:25:56]} Rc4 {[%clk 0:21:20]} 60. Be2 {[%clk 0:23:13]} Rb4
{[%clk 0:21:27]} 61. Rc2 {[%clk 0:23:42]} Bb6 {[%clk 0:21:43]} 62. Bf3
{[%clk 0:23:43]} Rb3 {[%clk 0:17:36]} 63. Bc6 {[%clk 0:23:47]} Kg7
{[%clk 0:17:30]} 64. Ba4 {[%clk 0:24:07]} Ra3 {[%clk 0:17:48]} 65. Bc6
{[%clk 0:24:23]} Bd4 {[%clk 0:17:57]} 66. Rd2 {[%clk 0:24:30]} e5
{[%clk 0:15:17]} 67. Bd5 {[%clk 0:24:36]} Ra5 {[%clk 0:15:28]} 68. Bc4
{[%clk 0:24:55]} Ra4 {[%clk 0:15:08]} 69. Bd5 {[%clk 0:24:44]} f5
{[%clk 0:14:14]} 70. Ra2 {[%clk 0:22:59]} Rb4 {[%clk 0:14:41]} 71. Rc2
{[%clk 0:23:21]} Bb6 {[%clk 0:15:00]} 72. Ba2 {[%clk 0:21:50]} e4
{[%clk 0:13:38]} 73. Rd2 {[%clk 0:21:29]} Bd4 {[%clk 0:14:02]} 74. Rc2
{[%clk 0:21:58]} Bb6 {[%clk 0:14:22]} 75. Rd2 {[%clk 0:22:28]} Bd4
{[%clk 0:11:45]} 76. Rc2 {[%clk 0:22:56]} Rb7 {[%clk 0:11:59]} 77. Bd5
{[%clk 0:22:21]} Rd7 {[%clk 0:11:47]} 78. Bc6 {[%clk 0:22:34]} Rd6
{[%clk 0:11:47]} 79. Ba4 {[%clk 0:22:03]} Rb6 {[%clk 0:11:06]} 80. Rc4
{[%clk 0:20:26]} Be5 {[%clk 0:09:09]} 81. Rc5 {[%clk 0:20:43]} Re6
{[%clk 0:06:32]} 82. Bb3 {[%clk 0:19:03]} Re7 {[%clk 0:07:00]} 83. Rb5
{[%clk 0:19:16]} Bd6 {[%clk 0:06:22]} 84. Rb6 {[%clk 0:19:10]} Bc5
{[%clk 0:05:48]} 85. Rc6 {[%clk 0:19:31]} Bd4 {[%clk 0:05:24]} 86. Rd6
{[%clk 0:19:23]} Bc5 {[%clk 0:05:14]} 87. Rc6 {[%clk 0:18:08]} Ba3
{[%clk 0:05:18]} 88. Ra6 {[%clk 0:17:48]} Bb2 {[%clk 0:05:35]} 89. Rb6
{[%clk 0:12:29]} Rc7 {[%clk 0:03:06]} 90. Ba4 {[%clk 0:12:40]} Bd4
{[%clk 0:02:18]} 91. Rd6 {[%clk 0:12:09]} Rc4 {[%clk 0:02:12]} 92. Rd7+
{[%clk 0:11:57]} Kh6 {[%clk 0:01:57]} 93. Bb3 {[%clk 0:11:31]} Rb4
{[%clk 0:02:25]} 94. Bg8 {[%clk 0:09:37]} Bg7 {[%clk 0:02:19]} 95. Ra7
{[%clk 0:07:56]} Rb2 {[%clk 0:02:09]} 96. Ra2 {[%clk 0:08:25]} Rb8
{[%clk 0:02:29]} 97. Bd5 {[%clk 0:08:46]} Rb6 {[%clk 0:02:27]} 98. Bc4
{[%clk 0:07:57]} Rb4 {[%clk 0:02:47]} 99. Bg8 {[%clk 0:08:15]} Bd4
{[%clk 0:02:59]} 100. Rc2 {[%clk 0:08:00]} Bb6 {[%clk 0:02:28]} 101. Bd5
{[%clk 0:07:35]} Kg7 {[%clk 0:02:29]} 102. Kf1 {[%clk 0:06:12]} Kf6
{[%clk 0:02:36]} 103. Kg2 {[%clk 0:06:37]} g5 {[%clk 0:01:58]} 104. hxg5+
{[%clk 0:05:46]} Kxg5 {[%clk 0:02:26]} 105. Be6 {[%clk 0:03:41]} Rb5
{[%clk 0:02:11]} 106. Bd7 {[%clk 0:03:30]} Rd5 {[%clk 0:02:30]} 107. Bc6
{[%clk 0:03:43]} Rd6 {[%clk 0:02:29]} 108. Bb5 {[%clk 0:04:04]} Rd5
{[%clk 0:02:38]} 109. Be2 {[%clk 0:03:59]} h4 {[%clk 0:02:09]} 110. gxh4+
{[%clk 0:04:28]} Kxh4 {[%clk 0:02:31]} 111. Rb2 {[%clk 0:03:14]} Rd6
{[%clk 0:02:17]} 112. Rb5 {[%clk 0:03:00]} Rg6+ {[%clk 0:01:39]} 113. Kf1
{[%clk 0:03:22]} Kg5 {[%clk 0:01:55]} 114. Bc4 {[%clk 0:02:39]} Kf4
{[%clk 0:01:44]} 115. Bd5 {[%clk 0:01:26]} Bd4 {[%clk 0:01:25]} 116. Bb7
{[%clk 0:01:47]} Rg8 {[%clk 0:01:16]} 117. Bc6 {[%clk 0:01:55]} Rg7
{[%clk 0:01:11]} 118. Rd5 {[%clk 0:01:56]} Be5 {[%clk 0:01:23]} 119. Bd7
{[%clk 0:01:39]} Rh7 {[%clk 0:01:34]} 120. Kg2 {[%clk 0:02:04]} Rh6
{[%clk 0:01:59]} 121. Bb5 {[%clk 0:02:00]} Rh8 {[%clk 0:02:13]} 122. Bd7
{[%clk 0:02:11]} Rg8+ {[%clk 0:02:17]} 123. Kf1 {[%clk 0:02:35]} Ra8
{[%clk 0:02:45]} 124. Rb5 {[%clk 0:02:16]} Ra2 {[%clk 0:02:26]} 125. Kg1
{[%clk 0:02:29]} Rd2 {[%clk 0:02:45]} 126. Be6 {[%clk 0:02:38]} Rd6
{[%clk 0:02:21]} 127. Bc8 {[%clk 0:03:07]} Rd8 {[%clk 0:02:00]} 128. Be6
{[%clk 0:03:33]} Re8 {[%clk 0:02:20]} 129. Bd7 {[%clk 0:03:42]} Re7
{[%clk 0:02:25]} 130. Bc8 {[%clk 0:04:11]} Rf7 {[%clk 0:02:15]} 131. Kg2
{[%clk 0:04:23]} Bd4 {[%clk 0:02:02]} 132. Rd5 {[%clk 0:04:28]} Bb6
{[%clk 0:02:04]} 133. Rb5 {[%clk 0:04:46]} Bc7 {[%clk 0:02:05]} 134. Kf1
{[%clk 0:05:05]} Be5 {[%clk 0:02:28]} 135. Kg2 {[%clk 0:05:23]} Re7
{[%clk 0:02:46]} 136. Kf1 {[%clk 0:05:35]} Rc7 {[%clk 0:02:09]} 137. Be6
{[%clk 0:06:04]} Rc6 {[%clk 0:01:12]} 138. Bd7 {[%clk 0:06:30]} Rc2
{[%clk 0:01:26]} 139. Kg1 {[%clk 0:06:22]} Rc3 {[%clk 0:01:32]} 140. Kg2
{[%clk 0:06:35]} Rc1 {[%clk 0:01:37]} 141. Be6 {[%clk 0:06:52]} Rc7
{[%clk 0:01:57]} 142. Kf1 {[%clk 0:06:18]} Re7 {[%clk 0:01:01]} 143. Bc8
{[%clk 0:06:32]} Kg5 {[%clk 0:01:22]} 144. Bb7 {[%clk 0:06:00]} Re8
{[%clk 0:01:20]} 145. Bc6 {[%clk 0:05:58]} Re6 {[%clk 0:01:39]} 146. Bd5
{[%clk 0:06:27]} Re7 {[%clk 0:02:01]} 147. Bb7 {[%clk 0:06:56]} Kg4
{[%clk 0:02:12]} 148. Bc8 {[%clk 0:06:59]} Rc7 {[%clk 0:01:56]} 149. Be6
{[%clk 0:06:48]} Kf3 {[%clk 0:02:06]} 150. Rb3+ {[%clk 0:07:16]} Kf4
{[%clk 0:02:25]} 1/2-1/2

[Event "World Chess Olympiad 2018"]
[Site "Batumi"]
[Date "2018.10.02"]
[Round "8"]
[Board "1"]
[WhiteFideId "1710400"]
[White "Grandelius Nils"]
[BlackFideId "1610856"]
[Black "Ragger Markus"]
[Result "1/2-1/2"]
[LiveChessVersion "1.4.8"]
[BlackElo "2686"]
[WhiteElo "2655"]

1. e4 {[%clk 1:30:31]} e5 {[%clk 1:30:55]} 2. Nf3 {[%clk 1:30:52]} Nc6
{[%clk 1:31:23]} 3. Bb5 {[%clk 1:30:41]} Nf6 {[%clk 1:31:47]} 4. d3
{[%clk 1:30:10]} Bc5 {[%clk 1:32:11]} 5. c3 {[%clk 1:29:52]} d5 {[%clk 1:32:23]}
6. exd5 {[%clk 1:27:59]} Qxd5 {[%clk 1:32:44]} 7. Bc4 {[%clk 1:27:53]} Qd6
{[%clk 1:32:55]} 8. Qe2 {[%clk 1:26:18]} O-O {[%clk 1:18:16]} 9. Bg5
{[%clk 1:25:33]} h6 {[%clk 1:10:03]} 10. Bxf6 {[%clk 1:21:06]} Qxf6
{[%clk 1:10:16]} 11. Nbd2 {[%clk 1:20:29]} Bd6 {[%clk 1:02:57]} 12. O-O
{[%clk 1:12:25]} a6 {[%clk 0:54:34]} 13. Rfe1 {[%clk 0:58:26]} Re8
{[%clk 0:54:18]} 14. Ne4 {[%clk 0:54:02]} Qf4 {[%clk 0:47:51]} 15. g3
{[%clk 0:37:50]} Qg4 {[%clk 0:45:20]} 16. d4 {[%clk 0:32:10]} Bf5
{[%clk 0:37:32]} 17. dxe5 {[%clk 0:31:05]} Bxe4 {[%clk 0:30:52]} 18. Qxe4
{[%clk 0:30:45]} Qxe4 {[%clk 0:31:13]} 19. Rxe4 {[%clk 0:31:08]} Nxe5
{[%clk 0:31:39]} 20. Nxe5 {[%clk 0:30:52]} Rxe5 {[%clk 0:32:04]} 21. Rxe5
{[%clk 0:31:16]} Bxe5 {[%clk 0:32:29]} 22. Rd1 {[%clk 0:31:19]} Bd6
{[%clk 0:31:59]} 23. Bd5 {[%clk 0:31:44]} a5 {[%clk 0:28:59]} 24. Rd3
{[%clk 0:29:03]} Kf8 {[%clk 0:26:57]} 25. Rf3 {[%clk 0:28:40]} f6
{[%clk 0:27:22]} 26. Rd3 {[%clk 0:25:20]} Rd8 {[%clk 0:25:28]} 27. a4
{[%clk 0:22:57]} Bc5 {[%clk 0:23:51]} 28. Kf1 {[%clk 0:21:50]} g6
{[%clk 0:21:46]} 29. Be4 {[%clk 0:21:49]} Rxd3 {[%clk 0:22:12]} 30. Bxd3
{[%clk 0:22:14]} Kf7 {[%clk 0:22:36]} 1/2-1/2

[Event "World Chess Olympiad 2018"]
[Site "Batumi"]
[Date "2018.10.02"]
[Round "8"]
[Board "2"]
[WhiteFideId "1634852"]
[White "Dragnev Valentin"]
[BlackFideId "1700812"]
[Black "Hillarp Persson Tiger"]
[Result "1-0"]
[LiveChessVersion "1.4.8"]
[BlackElo "2544"]
[WhiteElo "2508"]

1. d4 {[%clk 1:30:57]} Nf6 {[%clk 1:30:54]} 2. c4 {[%clk 1:31:20]} g6
{[%clk 1:31:18]} 3. Nc3 {[%clk 1:31:40]} Bg7 {[%clk 1:31:41]} 4. e4
{[%clk 1:32:06]} d6 {[%clk 1:32:04]} 5. f3 {[%clk 1:32:32]} O-O {[%clk 1:32:26]}
6. Be3 {[%clk 1:31:32]} a6 {[%clk 1:32:39]} 7. Qd2 {[%clk 1:29:23]} Nbd7
{[%clk 1:32:46]} 8. O-O-O {[%clk 1:26:39]} b5 {[%clk 1:31:08]} 9. e5
{[%clk 1:25:15]} b4 {[%clk 1:28:47]} 10. Na4 {[%clk 1:19:10]} Ne8
{[%clk 1:29:02]} 11. c5 {[%clk 1:19:31]} Nb8 {[%clk 1:12:27]} 12. f4
{[%clk 1:04:11]} Bd7 {[%clk 0:51:55]} 13. Qxb4 {[%clk 1:00:36]} Nc6
{[%clk 0:52:15]} 14. Qa3 {[%clk 1:00:25]} a5 {[%clk 0:50:51]} 15. Nf3
{[%clk 0:58:09]} Nb4 {[%clk 0:48:13]} 16. Bc4 {[%clk 0:57:56]} Bf5
{[%clk 0:37:53]} 17. Rd2 {[%clk 0:55:18]} Rb8 {[%clk 0:28:53]} 18. Nc3
{[%clk 0:36:07]} c6 {[%clk 0:26:34]} 19. Nh4 {[%clk 0:29:15]} Bd7
{[%clk 0:26:11]} 20. Nf3 {[%clk 0:27:57]} Bf5 {[%clk 0:21:37]} 21. Nh4
{[%clk 0:20:24]} Bd7 {[%clk 0:21:59]} 22. g3 {[%clk 0:20:03]} Rb7
{[%clk 0:17:08]} 23. Bf2 {[%clk 0:17:52]} Nc7 {[%clk 0:16:47]} 24. Ng2
{[%clk 0:11:04]} Ncd5 {[%clk 0:12:43]} 25. Ne3 {[%clk 0:10:19]} Be6
{[%clk 0:11:22]} 26. Nexd5 {[%clk 0:04:39]} Bxd5 {[%clk 0:11:23]} 27. Bxd5
{[%clk 0:04:18]} cxd5 {[%clk 0:11:46]} 28. Qa4 {[%clk 0:04:38]} dxc5
{[%clk 0:10:40]} 29. dxc5 {[%clk 0:04:55]} e6 {[%clk 0:10:52]} 30. Ne4
{[%clk 0:03:02]} Qa8 {[%clk 0:10:16]} 31. Nd6 {[%clk 0:03:06]} Rc7
{[%clk 0:10:25]} 32. Kb1 {[%clk 0:03:23]} d4 {[%clk 0:10:30]} 33. Rc1
{[%clk 0:03:40]} Qg2 {[%clk 0:10:19]} 34. Qxa5 {[%clk 0:03:34]} Nd5
{[%clk 0:10:12]} 35. Bxd4 {[%clk 0:03:42]} Qf3 {[%clk 0:10:18]} 36. c6
{[%clk 0:03:09]} Rb8 {[%clk 0:08:53]} 37. Rdc2 {[%clk 0:02:53]} Qd3
{[%clk 0:08:52]} 38. Qd2 {[%clk 0:02:51]} Qa6 {[%clk 0:09:09]} 39. Qe2
{[%clk 0:02:22]} Qa8 {[%clk 0:08:10]} 40. Rc4 {[%clk 0:30:41]} Nb4
{[%clk 0:36:35]} 41. a3 {[%clk 0:28:20]} 1-0